Calidad en la universidad: orientación y evaluación

Salvato in:
Dettagli Bibliografici
Autori principali: Apodaca, Pedro (Autore), Lobato, Clemente (Autore)
Natura: Libro
Lingua:spagnolo
Pubblicazione: Barcelona Laertes 1997
Edizione:1a. ed
Serie:Psicopedagogía
Soggetti:
Tags: Aggiungi Tag
Nessun Tag, puoi essere il primo ad aggiungerne!!

MARC

LEADER 00000cam a2200000 a 4500
001 UCN0431
003 CL-VaPUC
008 010323e19970000SP |||||||||||||||||spa|d
020 |a 8475843425 
082 0 4 |a 378.155  |b APO  |2 21 
100 0 |a Apodaca, Pedro  |e author  |9 455660 
700 0 |a Lobato, Clemente  |e author  |9 455661 
245 1 0 |a Calidad en la universidad: orientación y evaluación 
250 |a 1a. ed 
300 |a 270 p 
942 |c BK 
945 |d 20010323 00:00:00  |a cmena 
260 |a Barcelona  |b Laertes  |c 1997 
650 0 |a Universidades  |9 256317 
650 0 |a Calidad de la educación   |9 307271 
650 0 |a Currículo  |9 307290 
650 0 |a Evaluación docente  |9 382859 
583 |a last modification  |c 20170227 01:18:11  |k Rodrigo Vera 
490 0 |a Psicopedagogía 
999 |c 294179  |d 294177 
952 |0 0  |1 0  |4 0  |6 378_155000000000000_APO_1997  |7 0  |8 A  |9 346104  |a BIBEDU  |b BIBEDU  |d 2019-11-20  |i 369741K  |o 378.155 APO 1997  |p 369741K  |r 2019-11-20  |w 2019-11-20  |y BK  |k EPE 
952 |0 0  |1 0  |4 0  |6 378_155000000000000_APO_1997  |7 0  |8 A  |9 346105  |a BIBEDU  |b BIBEDU  |d 2019-11-20  |i 3988767  |o 378.155 APO 1997  |p 3988767  |r 2019-11-20  |w 2019-11-20  |y BK  |k EBA 
952 |0 0  |1 0  |3 erb  |4 0  |6 378_155000000000000_APO_1997  |7 0  |8 A  |9 346106  |a BIBENE  |b BIBENE  |i 5328829  |o 378.155 APO 1997  |p 5328829  |r 2025-01-15  |w 2019-11-20  |y BK  |z Catalogado en:20170303  |k ICO